000 00906nam a22002297a 4500
001 48771
003 BD-RjUL
005 20211209054601.0
008 160816s1952 ii ||||| |||| 00| 0 ben d
020 _c: IRs 3.50
035 _a(BD-RjUL)48890
040 _aBD-RjUL
_bben
_cBD-RjUL
041 _aben
082 _223
_a891.44409
_bBID 1952
245 0 0 _aবিদেশী প্রবন্ধ-সঞ্চয়ন /
260 _aকলিকাতা :
_bকমোলা বুক ডিপো,
_c১৯৫২ [১৩৫৯]
300 _a২৩০ পৃ. ;
_c১৯ সেমি.
650 _aবাংলা প্রবন্ধ
_xইতিহাস ও সমালোচনা
_9120541
650 _aBengali Essays
_xHistory & Criticism
_9145188
700 _aমজুমদার, মোহতলাল, অনুবাদ ও সম্পাদক
_9147105
942 _2ddc
_cBK
999 _c48771
_d48771